000
00309nam a22001337a 4500
008
181018b xxu||||| |||| 00| 0 eng d
020
_a
9780827362710
041
_a
eng
080
_a
610
100
_a
4
101
_a
SHM
245
_a
Principles Of Public Health Practice
_c
Keck.C.W
942
_2
udc
_c
BK
999
_c
50144
_d
50144